00426nam a2200169Ia 4500008004100000020001800041041000800059082001700067100001500084245003600099250001100135260004100146300000900187500002000196650002500216700001500241230125s9999 xx 000 0 und d a81 7660 180 2 aeng a658.155bMIS aMishra S K aDerivatives and Risk Management a1st ed c2010bEverest Publishing houseaPune a176p aRisk management aFinancial Management aMishra S K